Prime Minister's Silver Cup essay Competition: (Record no. 192727)

MARC details
000 -LEADER
fixed length control field 00573nam a22001697a 4500
010 ## - LCCN (DPL NO)
LC control number ENG-135264
020 ## - INTERNATIONAL STANDARD BOOK NUMBER
International Standard Book Number 9788193124906
Terms of availability 204.00
035 ## - SYSTEM CONTROL NUMBER
System control number EN-118796
037 ## - SOURCE OF ACQUISITION
Source of stock number/acquisition DBAD/PUB
082 ## - DEWEY DECIMAL CLASSIFICATION NUMBER
Classification number 363.20954
245 ## - TITLE STATEMENT
Title Prime Minister's Silver Cup essay Competition:
Remainder of title Prize winning Essays (1986-2015)/
260 ## - PUBLICATION, DISTRIBUTION, ETC. (IMPRINT)
Place of publication, distribution, etc Hyderabad
Name of publisher, distributor, etc Sardar Vallabhbhai Patel National police Academy
Date of publication, distribution, etc 2017
270 ## - ADDRESS
City Hyderabad
Postal code 500052
Address Shivrampally,
300 ## - PHYSICAL DESCRIPTION
Extent 564p.
Dimensions 22cm(Hb)
500 ## - GENERAL NOTE
General note Sanskriti-NEICR:Decennial Year 2017
942 ## - ADDED ENTRY ELEMENTS (KOHA)
Source of classification or shelving scheme Dewey Decimal Classification
Item type English Books
Classification part 363.20954
Call number suffix PRI
Holdings
Withdrawn status Lost status Not for loan Collection code Home library Current library Date acquired Source of acquisition Cost, normal purchase price Full call number Barcode Copy number Cost, replacement price Koha item type
      Non-fiction Bawana Bawana 30/09/2022 DBAD/PUB 204.00 363.20954 PRI EN-118796 1 204.00 English Books

© Delhi Public Library
Hit Counter
free hit counter